[Event "BL 2425 USV TU Dresden - SF Bad Mergenth"]
[Site "?"]
[Date "2025.04.25"]
[Round "13.1"]
[White "Kazakouski, Valery"]
[Black "Nguyen, Thai Dai Van"]
[Result "1/2-1/2"]
[WhiteElo "2563"]
[BlackElo "2668"]
[PlyCount "78"]
[EventDate "2025.??.??"]

1. d4 Nf6 2. Bg5 d5 3. e3 c5 4. Bxf6 gxf6 5. dxc5 e6 6. Nf3 Bxc5 7. Be2 O-O 8. O-O Be7 9. c4 dxc4 10. Qc2 Qc7 11. Nbd2 Bd7 12. Rfc1 Rc8 13. Qd1 Qd8 14. Nxc4 Be8 15. Nd4 Nc6 16. Bf3 Rab8 17. Nxc6 Qxd1+ 18. Rxd1 Bxc6 19. Bxc6 Rxc6 20. Na5 Rc2 21. Rab1 f5 22. Nb3 Bf6 23. Nd4 Rc5 24. Nb3 Rc2 25. Nd4 Rc5 26. Nb3 Rc4 27. Kf1 b6 28. Rd2 Rbc8 29. Ke2 a5 30. Kd1 a4 31. Nc1 f4 32. exf4 Rxf4 33. g3 Rd4 34. Ne2 Rxd2+ 35. Kxd2 Rd8+ 36. Kc2 Rc8+ 37. Kd3 Rd8+ 38. Kc2 Rc8+ 39. Kd3 Rd8+ 1/2-1/2

[Event "BL 2425 USV TU Dresden - SF Bad Mergenth"]
[Site "?"]
[Date "2025.04.25"]
[Round "13.2"]
[White "Pechac, Jergus"]
[Black "Pultinevicius, Paulius"]
[Result "1-0"]
[WhiteElo "2600"]
[BlackElo "2558"]
[PlyCount "71"]
[EventDate "2025.??.??"]

1. e4 c5 2. Nf3 e6 3. d4 cxd4 4. Nxd4 Nc6 5. Nc3 Qc7 6. Be3 a6 7. a3 b5 8. Nxc6 Qxc6 9. Bd3 Bb7 10. Qd2 Nf6 11. e5 Ng4 12. Bd4 Qxg2 13. O-O-O f5 14. exf6 gxf6 15. Be2 h5 16. Kb1 Qh3 17. f3 e5 18. Bc5 d6 19. Nd5 Rc8 20. Bxd6 Bxd5 21. fxg4 Bxh1 22. Bxf8 Rh7 23. Qd6 Rhc7 24. Bg7 Kf7 25. Qxf6+ Kg8 26. Rd8+ Rxd8 27. Qxd8+ Kxg7 28. Qxc7+ Kg8 29. Qc8+ Kg7 30. Qd7+ Kf8 31. Qf5+ Kg8 32. Qg6+ Kf8 33. Qf6+ Kg8 34. Qg5+ Kf8 35. Qxe5 hxg4 36. Qf4+ 1-0

[Event "BL 2425 USV TU Dresden - SF Bad Mergenth"]
[Site "?"]
[Date "2025.04.25"]
[Round "13.3"]
[White "Laurusas, Tomas"]
[Black "Nisipeanu, Liviu-Dieter"]
[Result "1/2-1/2"]
[WhiteElo "2587"]
[BlackElo "2579"]
[PlyCount "40"]
[EventDate "2025.??.??"]

1. c4 Nf6 2. d4 e6 3. Nf3 Bb4+ 4. Nbd2 b6 5. a3 Bxd2+ 6. Qxd2 Bb7 7. e3 O-O 8. Be2 d5 9. cxd5 Qxd5 10. O-O a5 11. Rd1 Nbd7 12. Qc2 c5 13. Ne1 Qd6 14. b3 Rfc8 15. Qb2 Qe7 16. Nf3 Ne4 17. Bd2 Nxd2 18. Rxd2 Nf6 19. Rdd1 Bd5 20. dxc5 bxc5 1/2-1/2

[Event "BL 2425 USV TU Dresden - SF Bad Mergenth"]
[Site "?"]
[Date "2025.04.25"]
[Round "13.4"]
[White "Michalik, Peter"]
[Black "Rakotomaharo, Fy Antenaina"]
[Result "1/2-1/2"]
[WhiteElo "2563"]
[BlackElo "2438"]
[PlyCount "107"]
[EventDate "2025.??.??"]

1. d4 d5 2. c4 e6 3. Nc3 Bb4 4. Nf3 c5 5. cxd5 exd5 6. g3 Nc6 7. Bg2 Nge7 8. O-O O-O 9. dxc5 Bxc5 10. a3 Bf5 11. b4 Bb6 12. Na4 Be4 13. Bb2 Qd6 14. Rc1 Rfd8 15. Qd2 Nf5 16. Rfd1 Qe7 17. Nxb6 axb6 18. Qg5 f6 19. Qh5 Nd6 20. Nd2 Bxg2 21. Kxg2 Ne5 22. Bxe5 fxe5 23. Qf3 e4 24. Qh5 Nb5 25. Nb1 g6 26. Qg4 d4 27. h4 Qe5 28. Rc4 Qd5 29. Rcc1 Rf8 30. Kg1 Qf5 31. Qxf5 gxf5 32. e3 d3 33. f3 Rfc8 34. g4 Rc2 35. Rf1 exf3 36. gxf5 Re8 37. a4 Nd6 38. Rxc2 dxc2 39. Na3 Rxe3 40. Nxc2 Re2 41. Nd4 Rg2+ 42. Kh1 Rg4 43. Rg1 h5 44. Nxf3 Rxg1+ 45. Kxg1 Nxf5 46. Kf2 Kf7 47. Ne5+ Ke6 48. Nc4 Nxh4 49. Nxb6 Nf5 50. a5 Kd6 51. Na4 Nd4 52. Nc5 Kc6 53. Kg3 Nc2 54. Kh4 1/2-1/2

[Event "BL 2425 USV TU Dresden - SF Bad Mergenth"]
[Site "?"]
[Date "2025.04.25"]
[Round "13.5"]
[White "Razafindratsima, Timothe"]
[Black "Boensch, Uwe"]
[Result "1/2-1/2"]
[WhiteElo "2475"]
[BlackElo "2465"]
[PlyCount "87"]
[EventDate "2025.??.??"]

1. e4 c5 2. Nf3 Nc6 3. Nc3 e5 4. Bc4 d6 5. d3 Be7 6. Nd2 Nf6 7. Nf1 Bg4 8. f3 Be6 9. Ne3 O-O 10. O-O Nb4 11. Bd2 d5 12. exd5 Nfxd5 13. Nexd5 Nxd5 14. Qe1 Qd6 15. Nxd5 Bxd5 16. Bc3 f6 17. Qe4 Bxc4 18. dxc4 Qc6 19. Qxc6 bxc6 20. Rad1 Kf7 21. Rd3 Rfd8 22. Kf2 Ke6 23. Ke2 Rd6 24. Bd2 Rd4 25. b3 h5 26. h3 g5 27. Rxd4 cxd4 28. b4 a6 29. Rb1 Rg8 30. a4 g4 31. hxg4 hxg4 32. b5 gxf3+ 33. gxf3 cxb5 34. cxb5 axb5 35. axb5 Kd5 36. b6 Rb8 37. b7 Bc5 38. Ba5 Kc6 39. c3 dxc3 40. Bxc3 Rxb7 41. Rxb7 Kxb7 42. f4 Kc6 43. fxe5 fxe5 44. Bxe5 1/2-1/2

[Event "BL 2425 USV TU Dresden - SF Bad Mergenth"]
[Site "?"]
[Date "2025.04.25"]
[Round "13.6"]
[White "Tischbierek, Raj"]
[Black "Ikonnikov, Vyacheslav"]
[Result "0-1"]
[WhiteElo "2418"]
[BlackElo "2438"]
[PlyCount "110"]
[EventDate "2025.??.??"]

1. e4 c5 2. Nf3 Nc6 3. Nc3 Nf6 4. Bb5 Qc7 5. O-O Nd4 6. Re1 a6 7. Bf1 d6 8. Nxd4 cxd4 9. Ne2 Nxe4 10. Nxd4 Nf6 11. Qf3 e5 12. h3 d5 13. d3 Bc5 14. Nb3 Bd6 15. Bg5 Qe7 16. Bxf6 gxf6 17. Qxd5 Be6 18. Qf3 f5 19. d4 e4 20. Qe3 Rc8 21. Rac1 b5 22. f3 Bd5 23. Nd2 Bg3 24. Re2 f4 25. Qxe4 Bxe4 26. Rxe4 f5 27. Rxe7+ Kxe7 28. a4 Rhd8 29. axb5 Rxd4 30. Nb1 axb5 31. Bxb5 Rb4 32. Bd3 Kf6 33. Nd2 Rxb2 34. Ra1 Rc5 35. Ra6+ Kg5 36. Re6 Rb7 37. Nf1 Rb1 38. Re8 Rd1 39. Rg8+ Kf6 40. Rf8+ Kg6 41. Rg8+ Kf7 42. Ra8 Re5 43. Ra7+ Kg6 44. Ra6+ Kg5 45. Ra7 h5 46. Ra8 Be1 47. Rg8+ Kh4 48. Ra8 Bd2 49. Ra4 Kg5 50. Kf2 Be1+ 51. Kg1 h4 52. Ra8 Bb4 53. Rb8 Bc5+ 54. Kh2 Ree1 55. Rb5 Rxd3 0-1

[Event "BL 2425 USV TU Dresden - SF Bad Mergenth"]
[Site "?"]
[Date "2025.04.25"]
[Round "13.7"]
[White "Neuman, Petr"]
[Black "Loxine, Jakov"]
[Result "1/2-1/2"]
[WhiteElo "2418"]
[BlackElo "2385"]
[PlyCount "80"]
[EventDate "2025.??.??"]

1. d4 Nf6 2. c4 e6 3. Nc3 Bb4 4. Qc2 Nc6 5. Nf3 d6 6. Bd2 e5 7. d5 Bxc3 8. Bxc3 Ne7 9. e4 O-O 10. Bd3 a5 11. Nd2 Nd7 12. f3 Nc5 13. Be2 Ng6 14. Nb3 b6 15. Nxc5 bxc5 16. g3 f5 17. h4 Ne7 18. O-O-O fxe4 19. fxe4 a4 20. Qd2 Bd7 21. h5 Nc8 22. Rdf1 Rxf1+ 23. Rxf1 Nb6 24. Qe3 Qe7 25. Bd2 Rf8 26. Rxf8+ Kxf8 27. h6 g6 28. Kd1 Qf6 29. Qg5 Kf7 30. Qh4 Qxh4 31. gxh4 c6 32. Ba5 Nc8 33. Kd2 cxd5 34. cxd5 Na7 35. b4 axb3 36. axb3 Nb5 37. Bxb5 Bxb5 38. b4 cxb4 39. Bxb4 Ke7 40. Ke3 Ba4 1/2-1/2

[Event "BL 2425 USV TU Dresden - SF Bad Mergenth"]
[Site "?"]
[Date "2025.04.25"]
[Round "13.8"]
[White "Wong, Gengchun"]
[Black "Nemec, Jachym"]
[Result "1/2-1/2"]
[WhiteElo "2247"]
[BlackElo "2428"]
[PlyCount "57"]
[EventDate "2025.??.??"]

1. e4 c5 2. Nf3 Nc6 3. Nc3 g6 4. d4 cxd4 5. Nxd4 Bg7 6. Be3 Nf6 7. Bc4 Qa5 8. O-O O-O 9. Bb3 d6 10. h3 Bd7 11. Re1 Rac8 12. Nd5 Rfe8 13. Bd2 Qd8 14. Bc3 Na5 15. Nf3 Nxd5 16. Bxg7 Kxg7 17. exd5 Qb6 18. Re3 Qc5 19. c3 Rc7 20. Qd2 Bb5 21. Nd4 Nc4 22. Bxc4 Bxc4 23. Nf5+ Kh8 24. Rxe7 Rcxe7 25. Qh6 gxf5 26. Qf6+ Kg8 27. Qg5+ Kh8 28. Qf6+ Kg8 29. Qg5+ 1/2-1/2

[Event "BL 2425 SC Heimbach-Weis-Neuwied - SC Vi"]
[Site "?"]
[Date "2025.04.25"]
[Round "13.1"]
[White "Mamedyarov, Shakhriyar"]
[Black "Livaic, Leon"]
[Result "1-0"]
[WhiteElo "2748"]
[BlackElo "2536"]
[PlyCount "59"]
[EventDate "2025.??.??"]

1. c4 d6 2. Nc3 e5 3. e3 f5 4. d4 Nf6 5. Be2 Be7 6. Nh3 O-O 7. O-O c6 8. b3 Na6 9. Ba3 Re8 10. Rc1 Bf8 11. Kh1 g6 12. Rc2 Qa5 13. Bb2 f4 14. a3 Bf5 15. b4 Bxc2 16. Qxc2 Qd8 17. dxe5 dxe5 18. c5 Nd5 19. Rd1 Qh4 20. Nxd5 cxd5 21. exf4 Bg7 22. Rxd5 Nc7 23. Rd7 Re7 24. c6 bxc6 25. g3 Qf6 26. Bxe5 Rxe5 27. fxe5 Qxe5 28. Kg2 Re8 29. Qxc6 Qxe2 30. Rxc7 1-0

[Event "BL 2425 SC Heimbach-Weis-Neuwied - SC Vi"]
[Site "?"]
[Date "2025.04.25"]
[Round "13.2"]
[White "Kraemer, Martin"]
[Black "Maghsoodloo, Parham"]
[Result "1/2-1/2"]
[WhiteElo "2577"]
[BlackElo "2684"]
[PlyCount "120"]
[EventDate "2025.??.??"]

1. e4 c5 2. Nf3 e6 3. d4 cxd4 4. Nxd4 Nc6 5. Bf4 d6 6. Nxc6 bxc6 7. c4 Rb8 8. Qc2 Ne7 9. Nc3 c5 10. Bd3 Nc6 11. O-O Be7 12. Rad1 h6 13. Bc1 e5 14. f4 exf4 15. Bxf4 Bg5 16. Qd2 Bxf4 17. Rxf4 Qg5 18. Rf2 Be6 19. Bf1 Rd8 20. Nb5 Ke7 21. Qxg5+ hxg5 22. Rfd2 Bg4 23. Be2 Bxe2 24. Rxe2 a6 25. Nc3 Rh6 26. Nd5+ Kd7 27. h3 Rh4 28. Re3 Rb8 29. b3 Ne5 30. Kf2 g4 31. Rg3 gxh3 32. gxh3 Rbh8 33. Rh1 Rxe4 34. Rxg7 Rd4 35. Ke2 a5 36. Rg3 a4 37. Rf1 Rdh4 38. Nf4 Kc6 39. Nd3 Nxd3 40. Rxd3 Rxh3 41. Rxh3 Rxh3 42. bxa4 Rc3 43. Rf4 Ra3 44. Rxf7 Rxa2+ 45. Kd3 Ra3+ 46. Kc2 Rxa4 47. Kb3 Rb4+ 48. Kc3 Rb7 49. Rf3 Rg7 50. Rh3 Kd7 51. Re3 Rg6 52. Rh3 Ke6 53. Re3+ Kf5 54. Rd3 Ke5 55. Rd5+ Ke6 56. Rd3 Rg5 57. Re3+ Kd7 58. Rh3 Kc6 59. Rd3 Rg6 60. Kb3 Rg4 1/2-1/2

[Event "BL 2425 SC Heimbach-Weis-Neuwied - SC Vi"]
[Site "?"]
[Date "2025.04.25"]
[Round "13.3"]
[White "Sarana, Alexey"]
[Black "Krejci, Jan"]
[Result "1/2-1/2"]
[WhiteElo "2672"]
[BlackElo "2508"]
[PlyCount "67"]
[EventDate "2025.??.??"]

1. d4 Nf6 2. c4 e6 3. Nc3 Bb4 4. e3 O-O 5. Bd3 d5 6. a3 Bxc3+ 7. bxc3 dxc4 8. Bxc4 c5 9. Bb2 Qc7 10. Qe2 Nbd7 11. Nf3 b6 12. O-O Bb7 13. Nd2 e5 14. Rfd1 Rfe8 15. Rac1 Rad8 16. Nf1 Bc6 17. Ba2 Qb7 18. f3 e4 19. f4 cxd4 20. Rxd4 Nc5 21. c4 Qe7 22. Ng3 Nd3 23. Rd1 Nxb2 24. Qxb2 Rxd4 25. Rxd4 Qc5 26. h3 h5 27. Ne2 h4 28. Qb4 a5 29. Qxc5 bxc5 30. Rd6 Rc8 31. Nc3 Ne8 32. Rd2 Rb8 33. Nb5 Kf8 34. a4 1/2-1/2

[Event "BL 2425 SC Heimbach-Weis-Neuwied - SC Vi"]
[Site "?"]
[Date "2025.04.25"]
[Round "13.4"]
[White "Polak, Tomas"]
[Black "Anton Guijarro, David"]
[Result "0-1"]
[WhiteElo "2473"]
[BlackElo "2639"]
[PlyCount "98"]
[EventDate "2025.??.??"]

1. d4 Nf6 2. c4 e6 3. Nf3 Bb4+ 4. Bd2 Qe7 5. g3 Bxd2+ 6. Qxd2 Nc6 7. Nc3 d5 8. Ne5 dxc4 9. Nxc6 bxc6 10. Bg2 O-O 11. O-O Rb8 12. Bxc6 Qd6 13. Bg2 c5 14. Rfd1 cxd4 15. Qxd4 Qxd4 16. Rxd4 Rxb2 17. Rxc4 Rc2 18. Rd1 e5 19. Rc5 Be6 20. a3 Rb8 21. Bf3 h5 22. h4 Kf8 23. Ne4 Rxc5 24. Nxc5 Bf5 25. Bb7 Ke7 26. Kf1 Nd7 27. Nxd7 Bxd7 28. Bf3 g6 29. Rd5 Rb1+ 30. Kg2 Rb5 31. Kf1 Rxd5 32. Bxd5 Be6 33. Bb7 Kd6 34. Ke1 Kc5 35. Kd2 Kc4 36. Kc2 Bf5+ 37. Kb2 Bd7 38. Be4 Kd4 39. Bc2 Be6 40. Bb1 Bg4 41. Ba2 f5 42. Bf7 Bxe2 43. Bxg6 Bg4 44. Kc2 Ke4 45. Kd2 Kf3 46. Ke1 Kg2 47. Bf7 f4 48. gxf4 exf4 49. Bd5+ Kh3 0-1

[Event "BL 2425 SC Heimbach-Weis-Neuwied - SC Vi"]
[Site "?"]
[Date "2025.04.25"]
[Round "13.5"]
[White "Korobov, Anton"]
[Black "Ferreira, Jorge Viterbo"]
[Result "1-0"]
[WhiteElo "2626"]
[BlackElo "2549"]
[PlyCount "73"]
[EventDate "2025.??.??"]

1. e4 c5 2. Nf3 e6 3. d4 cxd4 4. Nxd4 a6 5. Bd3 Bc5 6. Nb3 Ba7 7. Nc3 d6 8. Qe2 Nc6 9. Bd2 Nge7 10. h4 O-O 11. h5 h6 12. g4 f6 13. f4 e5 14. O-O-O exf4 15. Bxf4 Ne5 16. Bxe5 fxe5 17. Rhf1 Rf4 18. Rxf4 exf4 19. Bc4+ Kh8 20. e5 Be3+ 21. Kb1 Nc6 22. e6 b5 23. Bd5 Bb7 24. Ne4 Qe7 25. Ng3 fxg3 26. Qxe3 Nd8 27. Bxb7 Nxb7 28. Nd4 Nc5 29. Qxg3 Re8 30. Re1 Qf6 31. Qxd6 Ne4 32. Qc6 Nd2+ 33. Ka1 Re7 34. Nf5 Nc4 35. c3 Ne5 36. Qa8+ Kh7 37. Nxe7 1-0

[Event "BL 2425 SC Heimbach-Weis-Neuwied - SC Vi"]
[Site "?"]
[Date "2025.04.25"]
[Round "13.6"]
[White "Kosakowski, Jakub"]
[Black "Amin, Bassem"]
[Result "1/2-1/2"]
[WhiteElo "2522"]
[BlackElo "2648"]
[PlyCount "92"]
[EventDate "2025.??.??"]

1. e4 e5 2. Nf3 Nc6 3. Bc4 Nf6 4. d3 h6 5. Nc3 d6 6. a4 g6 7. a5 Bg7 8. O-O O-O 9. h3 Be6 10. a6 b6 11. Bxe6 fxe6 12. Nh2 Kh7 13. Ne2 d5 14. f3 Nh5 15. g3 Qd6 16. Kg2 Rad8 17. Be3 Nf6 18. Ng4 Ng8 19. h4 Nb4 20. c3 dxe4 21. dxe4 Qc6 22. Qb3 Nd3 23. Rad1 h5 24. Nf2 Nxf2 25. Rxf2 Nf6 26. Rxd8 Rxd8 27. Bg5 b5 28. Ng1 Qxa6 29. Nh3 Kg8 30. Be3 Rd3 31. Ng5 Rxe3 32. Rd2 Bf8 33. Nxe6 Qa4 34. Qxa4 bxa4 35. Kf2 Bh6 36. Rd8+ Kf7 37. Ng5+ Ke7 38. Rd1 Bxg5 39. hxg5 Ng4+ 40. fxg4 Rxe4 41. gxh5 gxh5 42. Rh1 a3 43. bxa3 Rc4 44. Rxh5 Rxc3 45. g6 Kf6 46. Rxe5 Rxa3 1/2-1/2

[Event "BL 2425 SC Heimbach-Weis-Neuwied - SC Vi"]
[Site "?"]
[Date "2025.04.25"]
[Round "13.7"]
[White "Wagner, Dennis"]
[Black "Winterberg, Lukas"]
[Result "1/2-1/2"]
[WhiteElo "2607"]
[BlackElo "2425"]
[PlyCount "82"]
[EventDate "2025.??.??"]

1. d4 d5 2. c4 dxc4 3. Nf3 Nf6 4. e3 e6 5. Bxc4 c5 6. O-O Nc6 7. Nc3 a6 8. Qe2 cxd4 9. exd4 Be7 10. Rd1 O-O 11. Bb3 Nb4 12. Bg5 h6 13. Bh4 Nfd5 14. Bxe7 Nxe7 15. Ne5 b6 16. Rac1 Ra7 17. a3 Nbd5 18. Nxd5 exd5 19. Qf3 Qd6 20. h3 Be6 21. Nd3 Ng6 22. Qg3 Qxg3 23. fxg3 Ne7 24. g4 g5 25. Ne5 Rc8 26. Rxc8+ Bxc8 27. Rc1 Bd7 28. Kf2 f6 29. Nxd7 Rxd7 30. Bc2 Rd6 31. Bd3 Nc6 32. Bxa6 Nxd4 33. Rd1 Ne6 34. b4 Kf7 35. a4 Ke7 36. Ke3 Rc6 37. g3 Rc2 38. Bb5 Kd6 39. Rf1 Ke7 40. Rd1 Kd6 41. Rf1 Ke7 {Ke4} 1/2-1/2

[Event "BL 2425 SC Heimbach-Weis-Neuwied - SC Vi"]
[Site "?"]
[Date "2025.04.25"]
[Round "13.8"]
[White "Ohler, Julius"]
[Black "Buhmann, Rainer"]
[Result "0-1"]
[WhiteElo "2303"]
[BlackElo "2543"]
[PlyCount "58"]
[EventDate "2025.??.??"]

1. c4 e5 2. g3 d6 3. Bg2 Be7 4. Nc3 f5 5. d4 Nf6 6. Nf3 e4 7. Ng5 O-O 8. h4 c6 9. d5 Na6 10. O-O Nc7 11. Nh3 Qe8 12. Qb3 Kh8 13. Rd1 c5 14. Bd2 h6 15. Rf1 Nh5 16. a4 Bf6 17. Nb5 Nxb5 18. axb5 Qe7 19. Rae1 Bd7 20. Ra1 Be5 21. e3 g5 22. hxg5 hxg5 23. Qd1 g4 24. Bc3 Bxc3 25. bxc3 gxh3 26. Qxh5+ Kg7 27. Bh1 Rh8 28. Qe2 h2+ 29. Kg2 f4 0-1

[Event "BL 2425 SK Kirchweyhe - SV Mülheim Nord"]
[Site "?"]
[Date "2025.04.25"]
[Round "13.1"]
[White "Navara, David"]
[Black "Saric, Ivan"]
[Result "1/2-1/2"]
[WhiteElo "2665"]
[BlackElo "2659"]
[PlyCount "88"]
[EventDate "2025.??.??"]

1. e4 c5 2. Nf3 d6 3. d4 cxd4 4. Nxd4 Nf6 5. Nc3 Nc6 6. Bg5 Bd7 7. Qd2 Rc8 8. f4 Nxd4 9. Qxd4 Qb6 10. Qxb6 axb6 11. Bxf6 gxf6 12. O-O-O e6 13. Rd4 Bc6 14. Bb5 h5 15. Rf1 h4 16. Rf3 Rh5 17. Rb4 Rb8 18. Bd3 f5 19. Rxb6 fxe4 20. Bxe4 d5 21. Bd3 Bc5 22. Rb3 Ke7 23. Rh3 Rg8 24. Bf1 d4 25. Ne2 Bd5 26. Rbg3 hxg3 27. Rxh5 gxh2 28. Rxh2 Bxa2 29. b3 d3 30. Nc3 Rc8 31. Nxa2 Ba3+ 32. Kd2 Rxc2+ 33. Kxd3 Rxa2 34. Rh5 b6 35. Rb5 Bc5 36. Be2 Kd6 37. Bf3 f5 38. b4 Ra3+ 39. Kc4 Be3 40. g4 Bf2 41. Be2 Re3 42. Re5 Rxe5 43. fxe5+ Kxe5 44. gxf5 exf5 1/2-1/2

[Event "BL 2425 SK Kirchweyhe - SV Mülheim Nord"]
[Site "?"]
[Date "2025.04.25"]
[Round "13.2"]
[White "Brkic, Ante"]
[Black "Fridman, Daniel"]
[Result "1/2-1/2"]
[WhiteElo "2586"]
[BlackElo "2582"]
[PlyCount "80"]
[EventDate "2025.??.??"]

1. e4 e6 2. d4 d5 3. Nc3 Nf6 4. e5 Nfd7 5. f4 c5 6. Nf3 Nc6 7. Be3 cxd4 8. Nxd4 Qb6 9. Qd2 Qxb2 10. Rb1 Qa3 11. Bb5 Nxd4 12. Bxd4 a6 13. Bxd7+ Bxd7 14. Rb3 Qe7 15. Rxb7 Qh4+ 16. g3 Qd8 17. Bb6 Qc8 18. Rc7 Qd8 19. Rb7 Qc8 20. Rc7 Qd8 21. Qd4 Ba3 22. f5 O-O 23. f6 gxf6 24. exf6 Kh8 25. Ne4 e5 26. Qxd5 Bf5 27. Qxd8 Raxd8 28. Ng5 Bg6 29. Bc5 Bxc5 30. Rxc5 Rc8 31. Rxc8 Rxc8 32. O-O Rxc2 33. Rd1 Rc8 34. Rd7 Kg8 35. Re7 h6 36. Nf3 Rc1+ 37. Kf2 Rc2+ 38. Ke3 Rc3+ 39. Kf2 Rc2+ 40. Ke3 Rc3+ 1/2-1/2

[Event "BL 2425 SK Kirchweyhe - SV Mülheim Nord"]
[Site "?"]
[Date "2025.04.25"]
[Round "13.3"]
[White "Tregubov, Pavel V."]
[Black "Predojevic, Borki"]
[Result "1/2-1/2"]
[WhiteElo "2551"]
[BlackElo "2568"]
[PlyCount "66"]
[EventDate "2025.??.??"]

1. d4 d5 2. c4 e6 3. Nc3 Nf6 4. cxd5 exd5 5. Bg5 c6 6. e3 h6 7. Bh4 Be7 8. Bd3 O-O 9. Nf3 Re8 10. O-O Bg4 11. h3 Bxf3 12. Qxf3 Nbd7 13. Bg3 Nf8 14. Rab1 a5 15. Rbc1 Bd6 16. Bh4 Re6 17. Bf5 Ng6 18. Bg3 Re7 19. Rfd1 Qb8 20. Re1 Bxg3 21. Qxg3 Qxg3 22. fxg3 Nf8 23. Na4 Ne8 24. Nc5 Nd6 25. Bd3 Ne6 26. a4 Rae8 27. Kf2 Ng5 28. g4 g6 29. Nb3 Nge4+ 30. Kg1 Ra8 31. Nc5 Nxc5 32. Rxc5 Kf8 33. Kf2 Ke8 1/2-1/2

[Event "BL 2425 SK Kirchweyhe - SV Mülheim Nord"]
[Site "?"]
[Date "2025.04.25"]
[Round "13.4"]
[White "Kadric, Denis"]
[Black "Buckels, Valentin"]
[Result "1/2-1/2"]
[WhiteElo "2533"]
[BlackElo "2440"]
[PlyCount "47"]
[EventDate "2025.??.??"]

1. e4 e5 2. Nf3 Nf6 3. Nxe5 d6 4. Nf3 Nxe4 5. d4 d5 6. Bd3 Nf6 7. O-O Be7 8. h3 O-O 9. Re1 Nbd7 10. Bf4 Re8 11. Nbd2 Nf8 12. c4 dxc4 13. Bxc4 Be6 14. Qb3 Nd5 15. Bg3 Nb6 16. d5 Bxd5 17. Bxc7 Qxc7 18. Bxd5 Nxd5 19. Qxd5 Rad8 20. Qb3 Bc5 21. Ne4 Bb6 22. Re2 Re7 23. Rae1 Rde8 24. Qc3 1/2-1/2

[Event "BL 2425 SK Kirchweyhe - SV Mülheim Nord"]
[Site "?"]
[Date "2025.04.25"]
[Round "13.5"]
[White "Zelbel, Patrick"]
[Black "Markus, Robert"]
[Result "1/2-1/2"]
[WhiteElo "2484"]
[BlackElo "2595"]
[PlyCount "43"]
[EventDate "2025.??.??"]

1. e4 e5 2. Nf3 Nf6 3. Nc3 Bb4 4. Nxe5 O-O 5. Nd3 Bxc3 6. dxc3 Nxe4 7. Be2 d6 8. O-O Re8 9. f3 Nf6 10. Bg5 h6 11. Bh4 Bf5 12. Re1 Nbd7 13. Bf1 Rxe1 14. Qxe1 Nf8 15. c4 Ng6 16. Bf2 b6 17. Qc3 c5 18. Rd1 Qe7 19. b3 Rd8 20. Qe1 Qf8 21. Be3 d5 22. cxd5 1/2-1/2

[Event "BL 2425 SK Kirchweyhe - SV Mülheim Nord"]
[Site "?"]
[Date "2025.04.25"]
[Round "13.6"]
[White "Stevic, Hrvoje"]
[Black "Feygin, Michael"]
[Result "1/2-1/2"]
[WhiteElo "2545"]
[BlackElo "2449"]
[PlyCount "49"]
[EventDate "2025.??.??"]

1. e4 e6 2. d4 d5 3. e5 c5 4. c3 Nc6 5. Nf3 Bd7 6. Be2 f6 7. O-O fxe5 8. Nxe5 cxd4 9. Nxd7 Qxd7 10. cxd4 Nf6 11. Nc3 Bd6 12. Bf3 O-O 13. g3 a6 14. Bg2 b5 15. Be3 Bc7 16. Rc1 Bb6 17. Ne2 Ng4 18. Nf4 Nh6 19. g4 Rac8 20. h3 Nf7 21. Re1 Nfd8 22. Nd3 Nb7 23. Nf4 Nbd8 24. Nd3 Nb7 25. Nf4 1/2-1/2

[Event "BL 2425 SK Kirchweyhe - SV Mülheim Nord"]
[Site "?"]
[Date "2025.04.25"]
[Round "13.7"]
[White "Hausrath, Daniel"]
[Black "Jovanovic, Zoran"]
[Result "1/2-1/2"]
[WhiteElo "2445"]
[BlackElo "2505"]
[PlyCount "45"]
[EventDate "2025.??.??"]

1. Nf3 g6 2. g3 Bg7 3. d4 c5 4. dxc5 Qa5+ 5. Nfd2 Qxc5 6. Bg2 Nf6 7. Nc3 d6 8. Nb3 Qc7 9. O-O O-O 10. Bg5 Qd8 11. Qc1 Nc6 12. Rd1 Bd7 13. a4 Re8 14. a5 Qc8 15. Ra4 Rb8 16. Nd5 Nxd5 17. Bxd5 Be6 18. Re4 Bxd5 19. Rxd5 b6 20. Bh6 Bf6 21. Bg5 Bg7 22. Bh6 Bf6 23. Bg5 1/2-1/2

[Event "BL 2425 SK Kirchweyhe - SV Mülheim Nord"]
[Site "?"]
[Date "2025.04.25"]
[Round "13.8"]
[White "Kovacevic, Aleksandar"]
[Black "Gungl, Theo"]
[Result "1/2-1/2"]
[WhiteElo "2453"]
[BlackElo "2334"]
[PlyCount "89"]
[EventDate "2025.??.??"]

1. Nf3 d5 2. e3 Nf6 3. c4 c6 4. Nc3 e6 5. b3 Bd6 6. Bb2 O-O 7. Qc2 e5 8. cxd5 cxd5 9. Nb5 Nc6 10. Nxd6 Qxd6 11. d4 e4 12. Ne5 Be6 13. Qc5 Qxc5 14. dxc5 Ne7 15. Be2 Rfc8 16. Rc1 Ne8 17. f3 f6 18. Ng4 Bxg4 19. fxg4 Nc7 20. g5 f5 21. O-O Ne6 22. g4 Rf8 23. gxf5 Rxf5 24. Rxf5 Nxf5 25. Bg4 g6 26. Rd1 Rd8 27. b4 Nxg5 28. Bf6 Nf3+ 29. Bxf3 Rf8 30. Rxd5 exf3 31. Bd4 g5 32. Kf2 g4 33. e4 Nxd4 34. Rxd4 h5 35. Rd5 Rf4 36. Rxh5 Rxe4 37. h3 gxh3 38. b5 Re2+ 39. Kxf3 Rxa2 40. c6 bxc6 41. bxc6 Rc2 42. Rxh3 Rxc6 43. Ke4 a5 44. Kd5 Ra6 45. Ra3 1/2-1/2

[Event "BL 2425 OSG Baden-Baden - SK Kirchweyhe"]
[Site "?"]
[Date "2025.04.26"]
[Round "14.2"]
[White "Kasimdzhanov, Rustam"]
[Black "Brkic, Ante"]
[Result "1/2-1/2"]
[WhiteElo "2678"]
[BlackElo "2586"]
[PlyCount "70"]
[EventDate "2025.??.??"]

1. c4 e5 2. g3 Nf6 3. Bg2 d5 4. cxd5 Nxd5 5. Nf3 Nc6 6. O-O Be7 7. d4 e4 8. Ne5 f5 9. Nxc6 bxc6 10. Qc2 Bd7 11. f3 exf3 12. Rxf3 O-O 13. Nc3 Kh8 14. Nxd5 cxd5 15. Bf4 Rc8 16. Rc3 c6 17. a3 Bf6 18. e3 g5 19. Bd6 Re8 20. Rf1 Bg7 21. b4 Be6 22. Bc5 Qd7 23. Qd3 Rc7 24. a4 Qd8 25. b5 cxb5 26. axb5 Rb7 27. Ra3 Qd7 28. Ra5 Reb8 29. Rfa1 Rxb5 30. Rxa7 R5b7 31. Ra8 h6 32. Bf3 Qe8 33. Rxb8 Qxb8 34. Rf1 Rb3 35. Ra1 Rb7 1/2-1/2

[Event "BL 2425 OSG Baden-Baden - SK Kirchweyhe"]
[Site "?"]
[Date "2025.04.26"]
[Round "14.3"]
[White "Predojevic, Borki"]
[Black "Vitiugov, Nikita"]
[Result "1/2-1/2"]
[WhiteElo "2568"]
[BlackElo "2670"]
[PlyCount "40"]
[EventDate "2025.??.??"]

1. e4 e5 2. Nf3 Nc6 3. d4 exd4 4. Nxd4 Nf6 5. Nxc6 bxc6 6. Nd2 Bc5 7. e5 Qe7 8. Qe2 Nd5 9. Nb3 O-O 10. c4 Nb6 11. Nxc5 Qxc5 12. b3 Re8 13. f4 d6 14. Be3 Qa3 15. Bc1 Qc5 16. Be3 Qa3 17. Bc1 Qc5 18. Be3 Qa3 19. Bc1 Qc5 20. Be3 Qa3 1/2-1/2

[Event "BL 2425 OSG Baden-Baden - SK Kirchweyhe"]
[Site "?"]
[Date "2025.04.26"]
[Round "14.4"]
[White "Bacrot, Etienne"]
[Black "Kadric, Denis"]
[Result "1/2-1/2"]
[WhiteElo "2633"]
[BlackElo "2533"]
[PlyCount "59"]
[EventDate "2025.??.??"]

1. e4 e5 2. Nf3 Nf6 3. Nxe5 d6 4. Nf3 Nxe4 5. d4 d5 6. Bd3 Nc6 7. O-O Be7 8. Nbd2 Nd6 9. c3 Bf5 10. Be2 O-O 11. Qb3 Be6 12. Bd3 f6 13. Re1 Qd7 14. Nf1 Rae8 15. Bf4 Kh8 16. Re2 Na5 17. Qc2 Bg8 18. Rae1 Bd8 19. Bxd6 Rxe2 20. Qxe2 Qxd6 21. Nh4 Bf7 22. Qe3 g5 23. Nf5 Qd7 24. Qf3 Nc4 25. b3 Nd6 26. Nxd6 Qxd6 27. Qh3 Bg8 28. Bf5 Rf7 29. Re6 Qf8 30. g3 1/2-1/2

[Event "BL 2425 OSG Baden-Baden - SK Kirchweyhe"]
[Site "?"]
[Date "2025.04.26"]
[Round "14.5"]
[White "Markus, Robert"]
[Black "Shirov, Alexei"]
[Result "1/2-1/2"]
[WhiteElo "2595"]
[BlackElo "2650"]
[PlyCount "45"]
[EventDate "2025.??.??"]

1. c4 c6 2. Nf3 d5 3. e3 Nf6 4. Nc3 e6 5. d4 Nbd7 6. Be2 Bd6 7. O-O O-O 8. b3 b6 9. Bb2 Bb7 10. Rc1 Qe7 11. Rc2 Rac8 12. Qc1 Ne4 13. Nxe4 dxe4 14. Ne5 Nxe5 15. dxe5 Bc7 16. c5 bxc5 17. Rxc5 Rfd8 18. Rc2 Rd5 19. Bc4 Rd7 20. Rd2 Rxd2 21. Qxd2 Rd8 22. Qc2 c5 23. Rd1 1/2-1/2

[Event "BL 2425 OSG Baden-Baden - SK Kirchweyhe"]
[Site "?"]
[Date "2025.04.26"]
[Round "14.6"]
[White "Movsesian, Sergei"]
[Black "Stevic, Hrvoje"]
[Result "1-0"]
[WhiteElo "2591"]
[BlackElo "2545"]
[PlyCount "45"]
[EventDate "2025.??.??"]

1. Nf3 d5 2. b3 Bf5 3. Bb2 e6 4. g3 h6 5. Bg2 Nf6 6. O-O Be7 7. d3 O-O 8. Nbd2 c6 9. Re1 Nbd7 10. e4 Bh7 11. Qe2 Qc7 12. a3 dxe4 13. dxe4 e5 14. Nc4 Bxe4 15. Nfxe5 Bxg2 16. Kxg2 Rfe8 17. Rad1 Nd5 18. Nxf7 Kxf7 19. Qe6+ Kf8 20. Be5 Qd8 21. Rxd5 cxd5 22. Nd6 Nxe5 23. Rxe5 1-0